| 000 | 00906nam a22002057a 4500 | ||
|---|---|---|---|
| 005 | 20230708120326.0 | ||
| 008 | 230706b ||||| |||| 00| 0 eng d | ||
| 040 | _cAL | ||
| 041 | _amal | ||
| 082 |
_223 _a894.8129 _bAHMM |
||
| 100 |
_aK M Ahmed: കെ എം ആഹ്മെദ് Ed _9126079 |
||
| 245 |
_aMahakavi Moyinkutty Vaidyar Padanangal: _bമഹാകവി മോയിൻകുട്ടി വൈദ്യർ പടങ്ങൾ |
||
| 260 |
_aMallapuram _bMahakavi Moyinkutty Vaidyar Smaraka Committee _c2006 |
||
| 300 |
_a278p. _bPB _c21x14cm. |
||
| 365 |
_2Malyalam _b150.00 _c₹ _d150.00 |
||
| 650 |
_aMalayalm Criticism: മലയാളം ക്രിട്ടിസിസം _9125815 |
||
| 650 |
_aCollection of Essays on Life and works of Mahakavi Moinkutty Vaidyar (1852-1892) _9126080 |
||
| 700 |
_aAHMED (K M): ആഹ്മെദ് (കെ എം) Ed _9125816 |
||
| 942 |
_2ddc _cDB |
||
| 999 |
_c227756 _d227756 |
||